Normal view
MARC view
- Computer networks
Entry Topical Term
001 - CONTROL NUMBER
- control field: 1602
003 - CONTROL NUMBER IDENTIFIER
- control field: KE-NaSUL
005 - DATE AND TIME OF LATEST TRANSACTION
- control field: 20241120140836.0
008 - FIXED-LENGTH DATA ELEMENTS
- fixed length control field: 241120|| aca||aabn | a|a d
040 ## - CATALOGING SOURCE
- Original cataloging agency: KE-NaSUL
- Transcribing agency: KE-NaSUL
150 ## - HEADING--TOPICAL TERM
- Topical term or geographic name as entry element: Computer networks
- General subdivision: Security measures
670 ## - SOURCE DATA FOUND
- Source citation: Work cat.: (KE-NaSUL)317775: Choucri, Nazli, author. 1599, International relations in the cyber age :, 2018.